[Event "21st Open"]
[Site "Reykjavik ISL"]
[Date "2004.03.10"]
[Round "4"]
[White "Halldorsson,J"]
[Black "Gretarsdottir,L"]
[Result "1-0"]
[WhiteElo "2200"]
[BlackElo "2071"]
[EventDate "2004.03.07"]

1. d4 d5 2. c4 c6 3. Nf3 Nf6 4. Nc3 dxc4 5. a4 Bf5 6. e3 e6 7. Bxc4 Bb4 8.
O-O Nbd7 9. Qe2 Bg6 10. Bd3 Bxd3 11. Qxd3 O-O 12. Rd1 Qa5 13. Bd2 Rad8 14.
Ne4 Nxe4 15. Qxe4 Rfe8 16. Bxb4 Qxb4 17. Qc2 c5 18. Ng5 g6 19. Ne4 b6 20.
dxc5 Nxc5 21. Nf6+ Kg7 22. Nxe8+ Rxe8 23. Rd4 Qb3 24. Qd2 e5 25. Rb4 Qe6
26. Rd1 e4 27. Qd4+ Kg8 28. Qd5 Qf6 29. Qd6 Qg5 30. Rd5 Qg4 31. f3 Qc8 32.
Rc4 exf3 33. b4 f2+ 34. Kf1 Qa6 35. Rdxc5 bxc5 36. Qxa6 1-0

[Event "21st Open"]
[Site "Reykjavik ISL"]
[Date "2004.03.10"]
[Round "4"]
[White "Thorfinnsson,Bj"]
[Black "Ragnarsson,J"]
[Result "1-0"]
[WhiteElo "2340"]
[BlackElo "2122"]
[EventDate "2004.03.07"]

1. d4 e6 2. c4 d5 3. Nc3 c6 4. e3 f5 5. g4 Nf6 6. gxf5 exf5 7. Qb3 Ne4 8.
cxd5 Nxc3 9. bxc3 Qxd5 10. Qxd5 cxd5 11. Bg2 Be6 12. c4 Na6 13. Rb1 dxc4
14. Rxb7 Nb4 15. Bd2 Nd3+ 16. Ke2 Rc8 17. Bc3 Nc1+ 18. Kd2 Nxa2 19. Ba5 c3+
20. Kc2 Bc4 21. Bf3 a6 22. Ne2 Bb5 23. Bd5 Nb4+ 24. Bxb4 Bxb4 25. Bf7+ Kd8
26. Nf4 Rc6 27. Ra1 Bd6 28. d5 Rc7 29. Ne6+ Kc8 30. Rxb5 Rxf7 31. Rxa6 Rb7
32. Rxb7 Kxb7 33. Rxd6 Ra8 34. Rd7+ Kb6 35. Rxg7 Ra2+ 36. Kxc3 h5 37. d6
Ra3+ 38. Kb4 1-0

[Event "21st Open"]
[Site "Reykjavik ISL"]
[Date "2004.03.10"]
[Round "4"]
[White "Olafsson,H1"]
[Black "Bjarnason,S"]
[Result "1-0"]
[WhiteElo "2504"]
[BlackElo "2329"]
[EventDate "2004.03.07"]

1. c4 Nf6 2. Nc3 g6 3. e4 d6 4. d4 Bg7 5. Bd3 e5 6. d5 O-O 7. Nge2 c6 8. f3
cxd5 9. cxd5 Ne8 10. O-O Na6 11. Be3 f5 12. exf5 gxf5 13. f4 e4 14. Bc4 Nf6
15. h3 Nc7 16. Nd4 Kh8 17. a4 Qe8 18. Ndb5 Nxb5 19. Nxb5 Qg6 20. Nc7 Bd7
21. Nxa8 1-0

[Event "21st Open"]
[Site "Reykjavik ISL"]
[Date "2004.03.10"]
[Round "4"]
[White "Kjartansson,G"]
[Black "Arngrimsson,D"]
[Result "1/2-1/2"]
[WhiteElo "2162"]
[BlackElo "2239"]
[EventDate "2004.03.07"]

1. e4 e5 2. Nf3 Nc6 3. Bb5 a6 4. Bxc6 dxc6 5. O-O Qd6 6. Na3 Qe6 7. b3 Ne7
8. Nc4 Ng6 9. Bb2 f6 10. d4 exd4 11. Nxd4 Qg4 12. Re1 Bb4 13. c3 Bc5 14.
Qxg4 Bxg4 15. h3 Bxd4 16. cxd4 Bd7 17. Rad1 O-O-O 1/2-1/2

[Event "21st Open"]
[Site "Reykjavik ISL"]
[Date "2004.03.10"]
[Round "4"]
[White "Bu Xiangzhi"]
[Black "Korneev,O"]
[Result "1/2-1/2"]
[WhiteElo "2606"]
[BlackElo "2566"]
[EventDate "2004.03.07"]

1. Nf3 d5 2. d4 Nf6 3. c4 e6 4. e3 Be7 5. b3 O-O 6. Bb2 c5 7. dxc5 Bxc5 8.
a3 dxc4 9. Qxd8 Rxd8 10. Bxc4 b6 11. O-O Bb7 12. Rc1 Nc6 13. b4 Bd6 14.
Nbd2 Rac8 15. Be2 Bb8 16. Nb3 Ne7 17. Rxc8 Nxc8 18. Rc1 Ne7 19. h3 Ne8 20.
a4 Bd6 21. b5 Rc8 22. Rxc8 Bxc8 23. Nfd2 f6 24. Nc4 Bb4 25. e4 e5 26. Bg4
Kf7 27. Kf1 Bb7 28. f3 Nc8 29. Ba3 Bxa3 30. Nxa3 Ncd6 31. Nd2 Ke7 32. h4 a6
33. Ndc4 axb5 34. axb5 Nxc4 35. Nxc4 Nd6 36. Nxb6 Nxb5 37. Nc4 Nd6 38. Ne3
g6 1/2-1/2

[Event "21st Open"]
[Site "Reykjavik ISL"]
[Date "2004.03.10"]
[Round "4"]
[White "Johnsen,Sy"]
[Black "Bjornsson,S"]
[Result "0-1"]
[WhiteElo "2083"]
[BlackElo "2337"]
[EventDate "2004.03.07"]

1. e4 e5 2. Nf3 Nc6 3. Bb5 f5 4. d4 fxe4 5. Nxe5 Nxe5 6. dxe5 c6 7. e6 cxb5
8. Qh5+ g6 9. exd7+ Bxd7 10. Qe5+ Kf7 11. Qxh8 Bg7 12. Qxh7 Bg4 13. O-O Bh5
14. Nc3 Nf6 15. Bg5 Nxh7 16. Bxd8 Bxc3 17. bxc3 Rxd8 18. Rfe1 Nf6 19. Rab1
Rd2 20. Rxb5 b6 21. a4 Be2 22. Re5 Rxc2 23. a5 Rxc3 24. axb6 axb6 25. h3
Bd3 26. Ra1 Rc7 27. Ra3 Nd7 28. Rd5 Ke6 29. Rd4 Ke5 30. Rb4 Rc4 31. Rb5+
Kd4 32. Rb2 b5 33. Kh2 Rc2 34. Rb4+ Kc5 35. Rbb3 Rxf2 36. Rc3+ Kd4 37. Rc7
Ne5 38. Kg3 Rc2 39. Rb7 e3 40. Ra1 Rxg2+ 0-1

[Event "21st Open"]
[Site "Reykjavik ISL"]
[Date "2004.03.10"]
[Round "4"]
[White "Vidarsson,J"]
[Black "Stefansson,H"]
[Result "0-1"]
[WhiteElo "2333"]
[BlackElo "2572"]
[EventDate "2004.03.07"]

1. e4 c5 2. Nc3 e6 3. f4 d5 4. Bb5+ Bd7 5. Bxd7+ Qxd7 6. exd5 exd5 7. d4
cxd4 8. Qxd4 Nf6 9. Nf3 Nc6 10. Qe3+ Be7 11. Ne5 Nxe5 12. fxe5 d4 13. Qe2
Ng4 14. e6 Qxe6 15. Qxe6 fxe6 16. Nb5 O-O 17. Nxd4 Rad8 18. Nf3 e5 19. c3
Bc5 20. Bg5 Rd5 21. c4 Rd3 22. h3 e4 23. Nd2 Nf2 24. Rf1 Rg3 25. h4 Rxg2
0-1

[Event "21st Open"]
[Site "Reykjavik ISL"]
[Date "2004.03.10"]
[Round "4"]
[White "Schmaltz,R"]
[Black "Gunnarsson,J"]
[Result "1-0"]
[WhiteElo "2527"]
[BlackElo "2376"]
[EventDate "2004.03.07"]

1. e4 c5 2. Nf3 Nc6 3. d4 cxd4 4. Nxd4 Nf6 5. Nc3 e5 6. Ndb5 h6 7. Nd6+
Bxd6 8. Qxd6 Qe7 9. Nb5 Rb8 10. Qxe7+ Kxe7 11. b3 d6 12. Ba3 Rd8 13. O-O-O
Ne8 14. c4 Be6 15. Bd3 Rbc8 16. Kb2 a6 17. Nc3 Nf6 18. Rhe1 Nd7 19. Nd5+
Bxd5 20. exd5 Ncb8 21. f4 f6 22. Bf5 Rc7 23. Rd3 Nc5 24. Rg3 Kf7 25. fxe5
dxe5 26. b4 Na4+ 27. Kb3 b5 28. Be6+ Kf8 29. c5 Re7 30. Kc2 Nc6 31. Rd3 a5
32. dxc6 Rxd3 33. Kxd3 Rxe6 34. bxa5 Rxc6 35. Rb1 Nxc5+ 36. Ke3 Kf7 37. Rc1
Ra6 38. Bxc5 Rxa5 39. a3 Ke6 40. Bb4 Ra6 41. Rc7 1-0

[Event "21st Open"]
[Site "Reykjavik ISL"]
[Date "2004.03.10"]
[Round "4"]
[White "Kjartansson,O"]
[Black "Maack,K"]
[Result "1/2-1/2"]
[WhiteElo "2034"]
[BlackElo "2176"]
[EventDate "2004.03.07"]

1. e4 e6 2. d4 d5 3. exd5 exd5 4. Nf3 Bd6 5. Bd3 Bg4 6. O-O Ne7 7. Re1 Nbc6
8. c3 Qd7 9. Nbd2 O-O-O 10. h3 Bh5 11. Nf1 f6 12. Ng3 Bf7 13. Qc2 Bg6 14.
b4 Rde8 15. Bd2 Bxd3 16. Qxd3 Bxg3 17. fxg3 Nf5 1/2-1/2

[Event "21st Open"]
[Site "Reykjavik ISL"]
[Date "2004.03.10"]
[Round "4"]
[White "Kjartansson,D"]
[Black "Galego,L"]
[Result "0-1"]
[WhiteElo "2267"]
[BlackElo "2479"]
[EventDate "2004.03.07"]

1. e4 d5 2. exd5 Nf6 3. d4 Bg4 4. f3 Bf5 5. Bb5+ Nbd7 6. c4 e6 7. dxe6 Bxe6
8. c5 c6 9. Bd3 b6 10. cxb6 Qxb6 11. Ne2 c5 12. O-O cxd4 13. Kh1 Bc5 14.
Na3 O-O 15. Nc2 Rfd8 16. b4 Bf8 17. Bg5 Ne5 18. Bxf6 gxf6 19. f4 Nxd3 20.
Qxd3 Rac8 21. Ncxd4 Kh8 22. Rac1 Rxc1 23. Rxc1 Qxb4 24. f5 Bd5 25. Qa6 Qb6
26. Qa4 Qb7 27. Nf4 Bh6 28. Qa5 Rg8 29. Nxd5 Bxc1 30. Nf3 Qb2 0-1

[Event "21st Open"]
[Site "Reykjavik ISL"]
[Date "2004.03.10"]
[Round "4"]
[White "Luther,T"]
[Black "Sedlak,N"]
[Result "1-0"]
[WhiteElo "2572"]
[BlackElo "2539"]
[EventDate "2004.03.07"]

1. e4 e5 2. Nf3 d6 3. d4 exd4 4. Nxd4 Nf6 5. Nc3 Be7 6. Bf4 O-O 7. Qd2 a6
8. O-O-O b5 9. f3 c5 10. Nf5 Bxf5 11. exf5 Nc6 12. g4 b4 13. Nd5 Nxd5 14.
Qxd5 Bg5 15. Bxg5 Qxg5+ 16. Qd2 Qxd2+ 17. Rxd2 Nd4 18. c3 bxc3 19. bxc3 Nb5
20. Bxb5 axb5 21. Kb1 Rfd8 22. Rhd1 Ra6 23. Rd5 Rc6 24. g5 f6 25. g6 Kf8
26. Rxd6 Rcxd6 27. Rxd6 Ra8 28. Ra6 Rd8 29. gxh7 Ke7 30. Ra7+ Kd6 31. Rxg7
Rh8 32. f4 Kd5 33. Rc7 Kd6 34. Rg7 Kd5 35. Rb7 Ke4 36. Rxb5 Rxh7 37. Rxc5
Rxh2 38. a4 Kd3 39. a5 Rh8 40. Kb2 Rb8+ 41. Ka3 1-0

[Event "21st Open"]
[Site "Reykjavik ISL"]
[Date "2004.03.10"]
[Round "4"]
[White "Lehikoinen,P"]
[Black "Halldorsson,H"]
[Result "0-1"]
[WhiteElo "2234"]
[BlackElo "2159"]
[EventDate "2004.03.07"]

1. e4 c5 2. Nf3 d6 3. d4 cxd4 4. Nxd4 Nf6 5. Nc3 a6 6. Bg5 e6 7. f4 Be7 8.
Qf3 Qc7 9. O-O-O Nbd7 10. g4 b5 11. Bxf6 Bxf6 12. g5 Bxd4 13. Rxd4 Rb8 14.
Bh3 Nc5 15. b4 Na4 16. Nxa4 bxa4 17. Rhd1 O-O 18. a3 a5 19. bxa5 Ba6 20.
Rxa4 Rfc8 21. Rd2 Rb5 22. Bf1 Rc5 23. Bxa6 Rxc2+ 24. Kd1 Rxd2+ 25. Kxd2
Qc1+ 26. Kd3 Rc3+ 0-1

[Event "21st Open"]
[Site "Reykjavik ISL"]
[Date "2004.03.10"]
[Round "4"]
[White "Ptacnikova,L"]
[Black "Hardarson,R"]
[Result "1-0"]
[WhiteElo "2214"]
[BlackElo "2307"]
[EventDate "2004.03.07"]

1. e4 e5 2. Nf3 Nc6 3. Bb5 a6 4. Ba4 Nf6 5. O-O Nxe4 6. d4 b5 7. Bb3 d5 8.
dxe5 Be6 9. Be3 Be7 10. c3 O-O 11. h3 a5 12. Nbd2 a4 13. Bc2 f5 14. exf6
Nxf6 15. Qe2 b4 16. Bc5 Bf7 17. Bxe7 Qxe7 18. Qxe7 Nxe7 19. cxb4 a3 20.
bxa3 Rxa3 21. Nd4 Rfa8 22. Bb3 Ne4 23. Nxe4 dxe4 24. Nb5 1-0

[Event "21st Open"]
[Site "Reykjavik ISL"]
[Date "2004.03.10"]
[Round "4"]
[White "Ardaman,M"]
[Black "Votava,J"]
[Result "0-1"]
[WhiteElo "2307"]
[BlackElo "2505"]
[EventDate "2004.03.07"]

1. e4 c5 2. Nc3 e6 3. g3 d5 4. exd5 exd5 5. d3 Nf6 6. Bg5 Be7 7. Bg2 O-O 8.
Nge2 d4 9. Bxf6 Bxf6 10. Ne4 Be7 11. Nf4 f5 12. Nd2 Bg5 13. Bd5+ Kh8 14.
Qf3 Bxf4 15. gxf4 Re8+ 16. Kf1 Nc6 17. Bxc6 bxc6 18. c4 dxc3 19. bxc3 Qa5
20. Nb3 Qxc3 21. Rc1 Qb2 22. Qxc6 Qe2+ 23. Kg2 Qg4+ 24. Kf1 Qh3+ 0-1

[Event "21st Open"]
[Site "Reykjavik ISL"]
[Date "2004.03.10"]
[Round "4"]
[White "Kononenko,T"]
[Black "Pedersen,NV"]
[Result "1/2-1/2"]
[WhiteElo "2353"]
[BlackElo "2510"]
[EventDate "2004.03.07"]

1. d4 Nf6 2. c4 e6 3. Nf3 b6 4. g3 Ba6 5. Nbd2 c5 6. e4 cxd4 7. e5 Ng4 8.
b3 Nh6 9. Bg2 Nc6 10. a3 Nf5 11. b4 Bb7 12. O-O Be7 13. g4 Nh4 14. Nxh4
Bxh4 15. Ne4 Be7 16. Bg5 O-O 17. Bxe7 Nxe7 18. Qxd4 Bxe4 19. Bxe4 Rc8 20.
f4 Qc7 21. Rac1 f5 22. Bg2 fxg4 1/2-1/2

[Event "21st Open"]
[Site "Reykjavik ISL"]
[Date "2004.03.11"]
[Round "5"]
[White "Maze,S"]
[Black "Ardaman,M"]
[Result "1-0"]
[WhiteElo "2462"]
[BlackElo "2307"]
[EventDate "2004.03.07"]

1. e4 Nc6 2. Nf3 d6 3. d4 Bg4 4. Bb5 a6 5. Bxc6+ bxc6 6. h3 Bh5 7. Nc3 e6
8. Qd3 Nf6 9. Bg5 Be7 10. g4 Bg6 11. Qe3 h6 12. Bh4 Nd7 13. Bxe7 Qxe7 14.
O-O-O c5 15. dxc5 Nxc5 16. h4 Rb8 17. Nd4 Qd7 18. f4 Bh7 19. f5 Na4 20. b3
Nb6 21. g5 Bg8 22. f6 gxf6 23. gxf6 c5 24. Nde2 Bh7 25. Rhg1 Kd8 26. Rd2
Kc7 27. Rgd1 Qc6 28. Rxd6 Qxd6 29. Rxd6 Kxd6 30. Qd3+ Ke5 31. Qxa6 Kxf6 32.
a4 Ke7 33. a5 Nd7 34. Nf4 Rhc8 35. Ncd5+ exd5 36. Nxd5+ Kf8 37. Qd6+ Kg7
38. Qxd7 h5 39. Qe7 Bg6 40. Qe5+ Kh6 41. Nf6 c4 42. Qg5+ Kg7 43. Nxh5+ Kf8
44. Nf6 1-0

[Event "21st Open"]
[Site "Reykjavik ISL"]
[Date "2004.03.11"]
[Round "5"]
[White "Bjarnason,S"]
[Black "Fridjonsson,J"]
[Result "0-1"]
[WhiteElo "2329"]
[BlackElo "2176"]
[EventDate "2004.03.07"]

1. e4 c5 2. Nf3 e6 3. d3 Nc6 4. g3 g6 5. Bg2 Bg7 6. O-O Nge7 7. Nbd2 O-O 8.
Nh4 d5 9. f4 dxe4 10. dxe4 Qc7 11. c3 b6 12. g4 Ba6 13. Rf3 Rad8 14. Bf1
Bb7 15. Rh3 Qxf4 16. Ng2 Qxe4 17. Ne3 Qf4 18. Qe1 Nd5 19. Qh4 h5 20. Ndc4
Nxe3 21. Nxe3 Ne5 0-1

[Event "21st Open"]
[Site "Reykjavik ISL"]
[Date "2004.03.11"]
[Round "5"]
[White "Atalik,S"]
[Black "Bu Xiangzhi"]
[Result "1/2-1/2"]
[WhiteElo "2554"]
[BlackElo "2606"]
[EventDate "2004.03.07"]

1. d4 d5 2. c4 c6 3. Nc3 Nf6 4. cxd5 cxd5 5. Bf4 Nc6 6. e3 Bf5 7. Rc1 Rc8
8. Nf3 e6 9. Qb3 Bb4 10. Bb5 Qa5 11. O-O O-O 12. Be2 Nh5 13. Bg3 Nxg3 14.
hxg3 Qc7 15. Nh4 Bg6 16. Nxg6 hxg6 17. a3 Bd6 18. Nb5 Qb6 19. Qa2 Be7 20.
Nc3 Na5 21. b4 Nc4 22. Na4 Qc6 23. Bxc4 Qxa4 24. Bb3 1/2-1/2

[Event "21st Open"]
[Site "Reykjavik ISL"]
[Date "2004.03.11"]
[Round "5"]
[White "Sedlak,N"]
[Black "Kristjansson,S"]
[Result "1/2-1/2"]
[WhiteElo "2539"]
[BlackElo "2404"]
[EventDate "2004.03.07"]

1. e4 c5 2. Nf3 Nc6 3. Bb5 g6 4. O-O Bg7 5. c3 Nf6 6. Qa4 O-O 7. d4 cxd4 8.
cxd4 Ne8 9. Nc3 Nc7 10. d5 Ne5 11. Nxe5 Bxe5 12. Bh6 Re8 13. f4 Bxc3 14.
bxc3 Nxb5 15. Qxb5 Qb6+ 16. Qxb6 axb6 17. Rfb1 Ra6 18. e5 d6 19. exd6 f6
20. dxe7 Rxe7 21. Re1 Rxe1+ 22. Rxe1 Kf7 23. d6 Be6 24. g4 Ra5 25. c4 Rc5
26. Kf2 b5 27. cxb5 Rxb5 28. Rc1 Bd7 29. Rc7 Ke6 30. Bf8 Ra5 31. Rxb7 Rxa2+
32. Ke3 Ra3+ 33. Kd2 Ra2+ 34. Kc3 Ra3+ 35. Kb2 Rf3 36. Rb4 Kf7 37. Rb7 Ke6
38. f5+ gxf5 39. gxf5+ Rxf5 40. Kc3 Rf2 41. h4 Rh2 42. Rb4 Rh3+ 43. Kd2 f5
44. Be7 Bc6 45. Ke2 Rg3 46. Kf2 Rg2+ 47. Ke3 Rg3+ 48. Kf2 1/2-1/2

[Event "21st Open"]
[Site "Reykjavik ISL"]
[Date "2004.03.11"]
[Round "5"]
[White "Steindorsson,S"]
[Black "Johannesson,I"]
[Result "1/2-1/2"]
[WhiteElo "2218"]
[BlackElo "2302"]
[EventDate "2004.03.07"]

1. c4 e5 2. Nc3 Nf6 3. g3 d5 4. cxd5 Nxd5 5. Bg2 Nb6 6. Nf3 Nc6 7. O-O Be7
8. Rb1 g5 9. d3 h5 10. Be3 g4 11. Nd2 Nd4 12. Nc4 Nxc4 13. dxc4 c6 14. Qa4
Bf5 15. Bxd4 exd4 16. Rbd1 Kf8 17. e3 Qb6 18. c5 Qxc5 19. exd4 Qb4 20. Qxb4
Bxb4 21. d5 Bxc3 22. bxc3 cxd5 23. Rxd5 Be6 24. Ra5 b6 25. Ra3 1/2-1/2

[Event "21st Open"]
[Site "Reykjavik ISL"]
[Date "2004.03.11"]
[Round "5"]
[White "Sigurdsson,J"]
[Black "Ingolfsdottir,H"]
[Result "1-0"]
[WhiteElo "2002"]
[BlackElo "2051"]
[EventDate "2004.03.07"]

1. e4 e6 2. d3 d5 3. Nd2 Nf6 4. Ngf3 c5 5. g3 Nc6 6. Bg2 Qc7 7. exd5 exd5
8. O-O Be7 9. d4 Bf5 10. dxc5 Nb4 11. Nd4 Bg6 12. a3 Nc6 13. N2b3 Nxd4 14.
Nxd4 Qxc5 15. Be3 Rc8 16. Bh3 Bh5 17. Qe1 Bg4 18. Nf5 d4 19. Nxg7+ Kd8 20.
Bxg4 dxe3 21. Bxc8 exf2+ 22. Qxf2 Qe5 23. Rad1+ Kxc8 24. Qf5+ Qxf5 25. Nxf5
Bc5+ 26. Kg2 Ng4 27. b4 Bb6 28. h3 Ne5 29. Nd6+ Kc7 30. Nxf7 Nxf7 31. Rxf7+
Kc6 32. c4 h5 33. c5 Bc7 34. a4 Bb8 35. Rf6+ Kc7 36. b5 Kc8 37. Rdf1 Kd7
38. Rf8 1-0

[Event "21st Open"]
[Site "Reykjavik ISL"]
[Date "2004.03.11"]
[Round "5"]
[White "Stefansson,H"]
[Black "Krush,I"]
[Result "1-0"]
[WhiteElo "2572"]
[BlackElo "2465"]
[EventDate "2004.03.07"]

1. e4 e5 2. Bc4 Nf6 3. d3 c6 4. Nf3 d5 5. Bb3 Bd6 6. Nc3 dxe4 7. Ng5 O-O 8.
Ncxe4 Nxe4 9. Nxe4 Bb4+ 10. c3 Be7 11. f4 exf4 12. Bxf4 Nd7 13. Qf3 Nf6 14.
O-O Nxe4 15. Qxe4 Bf6 16. Be5 Qe7 17. Bxf6 Qxe4 18. dxe4 gxf6 19. Rxf6 Be6
20. Bxe6 fxe6 21. Rxf8+ Kxf8 22. Rd1 Ke7 23. Rd3 h5 24. Kf2 Rg8 25. Rg3
Rf8+ 26. Ke3 Rf7 27. h4 Kd6 28. Rg5 Rh7 29. Kd4 b6 30. b4 b5 31. g3 a6 32.
c4 1-0

[Event "21st Open"]
[Site "Reykjavik ISL"]
[Date "2004.03.11"]
[Round "5"]
[White "Thorhallsson,T"]
[Black "Ptacnikova,L"]
[Result "1-0"]
[WhiteElo "2459"]
[BlackElo "2214"]
[EventDate "2004.03.07"]

1. e4 c5 2. Nf3 Nc6 3. d4 cxd4 4. Nxd4 Nf6 5. Nc3 e6 6. a3 e5 7. Nb3 d6 8.
Bg5 Be7 9. Qd3 a6 10. Rd1 Be6 11. Bxf6 gxf6 12. Nd5 b5 13. Be2 Ra7 14. O-O
Qd7 15. Qf3 Rg8 16. Nxf6+ Bxf6 17. Qxf6 Rg6 18. Qh8+ Ke7 19. Qxh7 Bh3 20.
Qh4+ Kf8 21. Bf3 Kg7 22. Kh1 Be6 23. Nc5 Qc7 24. Nxe6+ Rxe6 25. Bh5 Ne7 26.
f4 exf4 27. Qxf4 Ng6 28. Bxg6 Rxg6 29. c3 Ra8 30. Rd5 Re8 31. Rf5 Re7 32.
Rf6 1-0

[Event "21st Open"]
[Site "Reykjavik ISL"]
[Date "2004.03.11"]
[Round "5"]
[White "Hardarson,R"]
[Black "Kjartansson,O"]
[Result "1-0"]
[WhiteElo "2307"]
[BlackElo "2034"]
[EventDate "2004.03.07"]

1. e4 c5 2. Nf3 d6 3. d4 cxd4 4. Nxd4 Nf6 5. Nc3 g6 6. Be3 Bg7 7. f3 O-O 8.
Qd2 Nc6 9. g4 Nxd4 10. Bxd4 Be6 11. Bg2 Qa5 12. h3 b5 13. O-O Bc4 14. Rfd1
e5 15. Be3 b4 16. Ne2 Rfd8 17. Ng3 d5 18. a3 dxe4 19. Qxb4 Qxb4 20. axb4
exf3 21. Bxf3 Bd5 22. Be2 Ne4 23. Nxe4 Bxe4 24. Rxd8+ Rxd8 25. Rxa7 Bxc2
26. Bc4 e4 27. Rxf7 Kh8 28. b3 Rd1+ 29. Kf2 Rb1 30. Rc7 Be5 31. Re7 Bc3 32.
Bh6 1-0

[Event "21st Open"]
[Site "Reykjavik ISL"]
[Date "2004.03.11"]
[Round "5"]
[White "Gunnarsson,J"]
[Black "Kjartansson,D"]
[Result "1-0"]
[WhiteElo "2376"]
[BlackElo "2267"]
[EventDate "2004.03.07"]

1. e4 c5 2. Nf3 d6 3. d4 cxd4 4. Nxd4 Nf6 5. Nc3 a6 6. Be3 e6 7. Be2 Nbd7
8. g4 h6 9. Qd2 b5 10. a3 Bb7 11. f3 d5 12. exd5 Nxd5 13. Nxd5 Bxd5 14.
O-O-O Qc7 15. Rhe1 Rc8 16. Kb1 Be7 17. Bf4 Qc5 18. Nf5 Nb6 19. Nxg7+ Kd7
20. Nf5 Bg5 21. Be3 Nc4 22. Bxc4 Qxc4 23. b3 Qc7 24. f4 Bf6 25. Bd4 Bxd4
26. Nxd4 Rcd8 27. f5 Kc8 28. fxe6 Bxe6 29. Nxe6 fxe6 30. Qe3 Qxh2 31. Qxe6+
Kb7 32. Qe4+ Kb8 33. Qc6 Qc7 34. Qxa6 Qc5 35. Rxd8+ Rxd8 36. Qxh6 Qf2 37.
Qe6 Kc7 38. Qe5+ Kc6 39. Qc3+ 1-0

[Event "21st Open"]
[Site "Reykjavik ISL"]
[Date "2004.03.11"]
[Round "5"]
[White "Zatonskih,A"]
[Black "Sigfusson,S"]
[Result "1-0"]
[WhiteElo "2436"]
[BlackElo "2285"]
[EventDate "2004.03.07"]

1. e4 e5 2. Nf3 Nc6 3. Bb5 a6 4. Ba4 Nf6 5. O-O Be7 6. Re1 b5 7. Bb3 O-O 8.
d3 d6 9. c3 Na5 10. Bc2 c5 11. Nbd2 Nd7 12. Nf1 Nb6 13. Ne3 g6 14. d4 Nc6
15. dxc5 dxc5 16. Nd5 Be6 17. Nxe7+ Qxe7 18. Qe2 f6 19. a4 Bc4 20. Qe3 bxa4
21. Nd2 Bb5 22. b3 axb3 23. Bxb3+ Kh8 24. Ba3 Nd7 25. c4 Nd4 26. cxb5 axb5
27. Rec1 Rxa3 28. Rxa3 c4 29. Bd1 Nc5 30. Rca1 Rb8 31. h4 Kg7 32. Qh3 Nc6
33. h5 b4 34. Ra8 c3 35. Rxb8 Nxb8 36. h6+ Kf7 37. Qc8 1-0

[Event "21st Open"]
[Site "Reykjavik ISL"]
[Date "2004.03.11"]
[Round "5"]
[White "Maack,K"]
[Black "Johnsen,Sy"]
[Result "1-0"]
[WhiteElo "2176"]
[BlackElo "2083"]
[EventDate "2004.03.07"]

1. e4 e5 2. Nf3 Nc6 3. Bb5 a6 4. Bxc6 dxc6 5. O-O Bd6 6. d4 exd4 7. Qxd4 f6
8. b3 c5 9. Qd3 Bd7 10. Re1 Bb5 11. Qe3 Nh6 12. e5 fxe5 13. Nxe5 O-O 14.
Bb2 Qh4 15. Qg3 Qxg3 16. hxg3 Rae8 17. Nd2 Bxe5 18. Bxe5 Ng4 19. Bf4 Nxf2
20. Kxf2 g5 21. Rxe8 Bxe8 22. Ke3 gxf4+ 23. gxf4 Bg6 24. c3 Rd8 25. Rc1 b5
26. c4 b4 27. Nf3 Rd3+ 28. Ke2 Be4 29. Ng5 Rd4 30. g3 Bf5 31. Re1 Bg4+ 32.
Ke3 h6 33. Ne4 Rd7 34. Nf6+ Kf7 35. Nxg4 Rd6 1-0

[Event "21st Open"]
[Site "Reykjavik ISL"]
[Date "2004.03.11"]
[Round "5"]
[White "Galego,L"]
[Black "Miezis,N"]
[Result "0-1"]
[WhiteElo "2479"]
[BlackElo "2525"]
[EventDate "2004.03.07"]

1. e4 c5 2. Nf3 e6 3. Nc3 a6 4. g3 Nc6 5. Bg2 g6 6. d4 cxd4 7. Nxd4 Bg7 8.
Nb3 d6 9. O-O Nge7 10. a4 O-O 11. a5 Ne5 12. Qe2 Qc7 13. Rd1 Rd8 14. f4 Nc4
15. Ra4 b5 16. axb6 Nxb6 17. Ra2 Rb8 18. Kh1 Nc6 19. Ra3 Nb4 20. Na5 d5 21.
exd5 exd5 22. f5 Bxf5 23. Bf4 Qc5 24. Bxb8 Rxb8 25. Nb3 Qc4 26. Qe7 Bf8 27.
Qe5 Nd7 28. Qd4 Nxc2 29. Bxd5 Qc8 30. Qd2 Nxa3 31. bxa3 Nf6 32. Rc1 Rxb3
33. Bxb3 Qb7+ 34. Nd5 Be4+ 0-1

[Event "21st Open"]
[Site "Reykjavik ISL"]
[Date "2004.03.11"]
[Round "5"]
[White "Hillarp Persson,T"]
[Black "Rogers,I"]
[Result "1-0"]
[WhiteElo "2530"]
[BlackElo "2582"]
[EventDate "2004.03.07"]

1. d4 g6 2. e4 Bg7 3. Be3 c6 4. Qd2 d5 5. e5 f6 6. f4 Nh6 7. h3 Nf5 8. Bf2
fxe5 9. dxe5 h5 10. Nf3 Nd7 11. Nc3 Nf8 12. Bd3 Qa5 13. O-O-O Be6 14. Kb1
O-O-O 15. Ne2 Qxd2 16. Rxd2 Kb8 17. Rdd1 Bc8 18. Rhg1 Nh6 19. a4 Bf5 20.
Bxf5 Nxf5 21. g4 hxg4 22. hxg4 Nh6 23. Ng5 Re8 24. Nd4 e6 25. a5 Re7 26.
Rd3 Nf7 27. Rb3 Ka8 28. Nxf7 Rxf7 29. a6 c5 30. axb7+ Rxb7 31. Rxb7 Kxb7
32. Nf3 Kc6 33. Bh4 Bh6 34. Bg3 d4 35. c4 dxc3 36. bxc3 Kd5 37. Nd2 Nd7 38.
c4+ Kc6 39. Kc2 Rf8 40. g5 Bg7 41. Nf3 Nb6 42. Kc3 Nc8 43. Nh4 Nd6 44. Nxg6
Rb8 45. Ne7+ Kd7 46. Rd1 Rb6 47. f5 1-0

[Event "21st Open"]
[Site "Reykjavik ISL"]
[Date "2004.03.11"]
[Round "5"]
[White "Halldorsson,H"]
[Black "Handke,F"]
[Result "1/2-1/2"]
[WhiteElo "2159"]
[BlackElo "2459"]
[EventDate "2004.03.07"]

1. e4 c5 2. Nf3 d6 3. d4 cxd4 4. Nxd4 Nc6 5. Nc3 Qc7 6. Be2 a6 7. Be3 Nf6
8. a3 Na5 9. Nb3 Nc4 10. Bxc4 Qxc4 11. Qd4 Qxd4 12. Bxd4 e6 13. O-O-O Nd7
14. Rhe1 b6 15. f4 Bb7 16. Na4 b5 17. Nb6 Nxb6 18. Bxb6 Rc8 19. Nd4 g6 20.
g4 Be7 21. Rd3 h5 22. g5 e5 23. Nf3 exf4 24. e5 d5 25. h4 O-O 26. Nd4 Rfe8
27. Ne2 Rc4 28. Bd4 Bc8 29. c3 Bf5 30. Rf3 Bf8 31. Rxf4 1/2-1/2

[Event "21st Open"]
[Site "Reykjavik ISL"]
[Date "2004.03.11"]
[Round "5"]
[White "Thorsteinsson,E"]
[Black "Bergsson,St"]
[Result "1/2-1/2"]
[WhiteElo "2138"]
[BlackElo "2036"]
[EventDate "2004.03.07"]

1. Nf3 Nf6 2. a3 d5 3. b4 Bf5 4. e3 Nbd7 5. d4 e6 6. Bb2 Bd6 7. Nbd2 O-O 8.
c4 c6 9. Be2 Re8 10. O-O a5 11. Qb3 a4 12. Qc3 Rc8 13. Rac1 Ne4 14. Nxe4
Bxe4 15. Qe1 dxc4 16. Nd2 Bd3 17. Nxc4 Bxc4 18. Bxc4 Qh4 19. f4 Qxe1 20.
Rcxe1 Nb6 21. Bd3 f5 22. Bc1 g6 23. Bb2 Nd5 24. Bc2 b5 25. Kf2 Nf6 26. h3
Kf7 27. Re2 Rc7 28. Rc1 h5 29. Kf3 Rh8 30. Bc3 Nd5 31. Be1 Nf6 32. Bd3 Rhc8
33. Rec2 Nd5 34. Bf2 Nf6 35. Be1 Kg7 36. Bh4 Nd5 37. Be1 Kf7 38. g3 Nf6 39.
Bd2 Ke7 40. e4 Nxe4 41. Bxe4 fxe4+ 42. Kxe4 Kf7 43. g4 hxg4 44. hxg4 Bf8
45. Be3 Bg7 46. Rc5 Bf8 47. R5c2 Bg7 48. Rh1 Rh8 49. Rxh8 Bxh8 50. f5 gxf5+
51. gxf5 exf5+ 52. Kxf5 Re7 53. Bg5 Rd7 54. Be3 Re7 1/2-1/2

[Event "21st Open"]
[Site "Reykjavik ISL"]
[Date "2004.03.11"]
[Round "5"]
[White "Thorsteinsson,T"]
[Black "Hagesaether,E"]
[Result "1-0"]
[WhiteElo "2278"]
[BlackElo "2194"]
[EventDate "2004.03.07"]

1. e4 d6 2. d4 Nf6 3. Nc3 g6 4. g3 Bg7 5. Bg2 O-O 6. Nge2 e5 7. h3 c6 8. a4
Na6 9. O-O exd4 10. Nxd4 Nb4 11. Bg5 h6 12. Bf4 d5 13. exd5 Nbxd5 14. Nxd5
Nxd5 15. Bc1 Qb6 16. c3 Rd8 17. a5 Qc5 18. Qa4 a6 19. Rd1 Bd7 20. Bd2 Nf6
21. Bf4 Qh5 22. g4 Nxg4 23. hxg4 Qxg4 24. Nf3 Be6 25. Bg3 Rxd1+ 26. Qxd1
Qc4 27. Bf1 Qc5 28. Qd6 Qh5 29. Bg2 Qb5 30. Qd2 h5 31. Bf1 Qf5 32. Nd4 Qd5
33. Bg2 Qd7 34. Qe3 Bg4 35. Re1 Bf8 36. Nf3 Bf5 37. Nd4 Bh3 38. Bf3 c5 39.
Nc2 Qa4 40. Qd2 Qxa5 41. Qg5 Qb6 42. Bd5 Rd8 43. Ne3 Re8 44. Be5 Bh6 45.
Qxh6 Rxe5 46. Bxf7+ Kxf7 47. Qh7+ Kf6 48. Qh8+ Ke6 49. Qxe5+ 1-0